Bài giảng thực tập hóa lý

Uloženo v:
Podrobná bibliografie
Hlavní autor: Nguyễn, Điền Trung
Médium: Kniha
Jazyk:Undetermined
Vydáno: Cần Thơ Trường Đại học Cần Thơ 2018
Témata:
Tagy: Přidat tag
Žádné tagy, Buďte první, kdo otaguje tento záznam!
Thư viện lưu trữ: Trung tâm Học liệu Trường Đại học Cần Thơ
LEADER 00660nam a2200205Ia 4500
001 CTU_238604
008 210402s9999 xx 000 0 und d
082 |a 541.3 
082 |b Tr513 
100 |a Nguyễn, Điền Trung 
245 0 |a Bài giảng thực tập hóa lý 
245 0 |c Nguyễn Điền Trung (Biên soạn) 
260 |a Cần Thơ 
260 |b Trường Đại học Cần Thơ 
260 |c 2018 
526 |b SG158 
650 |a Hóa lý và lý thuyết,Chemistry, physical and theoretical 
650 |x Dạy và học 
910 |b tttuyen 
980 |a Trung tâm Học liệu Trường Đại học Cần Thơ